| 000 | 00690nam a2200193 a 4500 | ||
|---|---|---|---|
| 001 | 000028262 | ||
| 005 | 20200930031504.0 | ||
| 008 | 110407s1989 dr 000 | spa d | ||
| 040 |
_aDO-SdBNP _bspa _cBNPHU |
||
| 082 |
_axxx _bP579p |
||
| 100 | 1 |
_aPiña, Jorge, _d1959 - _924936 |
|
| 245 | 1 | 0 |
_aPsicoanálisis : _bsueño y fantasía en la creación poética / _cJorge Piña. |
| 260 |
_aSanto Domingo : _bHermeneias del Psicoanálisis Editorial, _c1989. |
||
| 300 |
_a27 p. ; _c21 cm. |
||
| 490 | 1 |
_aLiteratura. Lectura escritura y psicoanálisis _v3 |
|
| 500 | _aIncluye notas al pie de las páginas. | ||
| 830 | 0 |
_aLiteratura. Lectura escritura y psicoanálisis; _v3 _955258 |
|
| 049 | _aBNPD | ||
| 999 |
_c27754 _d27754 |
||